Blasons des villes de France #4 - Statistiques

Statistiques générales
  • Ce quiz a été pris 16 fois
  • Le résultat moyen est 2 sur 20
Statistiques - réponses
Par images Réponse % Correct
Toulouse
93%
Strasbourg
20%
Reuil-Malmaison
13%
Saint-Denis
13%
Tourcoing
13%
Ajaccio
7%
Amiens
7%
Angers
7%
Aulnay-sous-Bois
7%
Boulogne-Billancourt
7%
Caen
7%
Cherbourg-en-Cotentin
7%
Créteil
7%
Drancy
7%
Fréjus
7%
Pessac
7%
Reims
7%
Troyes
7%
Valence
7%
La Seyne-sur-Mer
0%
Aucun quiz correspondant
Distribution des résultats
% des personnes avec chaque résultat
Percentile par nombre de réponses
Votre historique - résultats
Vous n’avez pas pris ce quiz